<?xml version="1.0" encoding="UTF-8"?>
<record
    xmlns:xsi="http://www.w3.org/2001/XMLSchema-instance"
    xsi:schemaLocation="http://www.loc.gov/MARC21/slim http://www.loc.gov/standards/marcxml/schema/MARC21slim.xsd"
    xmlns="http://www.loc.gov/MARC21/slim">

  <leader>01440nam a22002897a 4500</leader>
  <controlfield tag="001">1641</controlfield>
  <controlfield tag="003">FISKH</controlfield>
  <controlfield tag="005">20230912132338.0</controlfield>
  <controlfield tag="008">230912b        cb ||||| |||| 00| 0 khr d</controlfield>
  <datafield tag="020" ind1=" " ind2=" ">
    <subfield code="a">9789924341536</subfield>
  </datafield>
  <datafield tag="040" ind1=" " ind2=" ">
    <subfield code="a">FISKH </subfield>
    <subfield code="b">eng</subfield>
    <subfield code="c">FISKH </subfield>
    <subfield code="d">FISKH </subfield>
  </datafield>
  <datafield tag="082" ind1=" " ind2=" ">
    <subfield code="a">277.3</subfield>
  </datafield>
  <datafield tag="100" ind1=" " ind2=" ">
    <subfield code="a">Ichikawa, Satomi </subfield>
  </datafield>
  <datafield tag="245" ind1=" " ind2=" ">
    <subfield code="a">&#x178F;&#x17BE;&#x1798;&#x17B6;&#x1793;&#x1781;&#x17D2;&#x179B;&#x17B6;&#x1783;&#x17D2;&#x1798;&#x17BB;&#x17C6;&#x1793;&#x17C5;&#x17A2;&#x17B6;&#x1796;&#x17D2;&#x179A;&#x17B7;&#x1785;&#x1791;&#x17C1; ?&#x200B;  / </subfield>
    <subfield code="c">&#x1793;&#x17B7;&#x1796;&#x1793;&#x17D2;&#x1792;&#x1793;&#x17B7;&#x1784;&#x1782;&#x17BC;&#x179A;&#x179A;&#x17BC;&#x1794;&#x178A;&#x17C4;&#x1799; &#x179F;&#x17B6;&#x178F;&#x17BC;&#x1798;&#x17B7; &#x17A2;&#x17CA;&#x17B7;&#x1787;&#x17B7;&#x1780;&#x17B6;&#x179C;&#x17C9;&#x17B6; - &#x1794;&#x1780;&#x1794;&#x17D2;&#x179A;&#x17C2;&#x1796;&#x17B8;&#x1797;&#x17B6;&#x179F;&#x17B6;&#x1794;&#x17B6;&#x179A;&#x17B6;&#x17C6;&#x1784;&#x178A;&#x17C4;&#x1799; &#x17A2;&#x17CA;&#x17BB;&#x17C6; &#x179C;&#x17D0;&#x178E;&#x1790;&#x17B6;&#x179C;&#x17B8; </subfield>
  </datafield>
  <datafield tag="260" ind1=" " ind2=" ">
    <subfield code="a">Paris : </subfield>
    <subfield code="b">Sipar, </subfield>
    <subfield code="c">2022. </subfield>
  </datafield>
  <datafield tag="300" ind1=" " ind2=" ">
    <subfield code="a">35 pages : </subfield>
    <subfield code="b">color illustrations ; </subfield>
    <subfield code="c">20 cm </subfield>
  </datafield>
  <datafield tag="490" ind1=" " ind2=" ">
    <subfield code="a">&#x178F;&#x179F;&#x17CB;&#x17A2;&#x17B6;&#x1793;!</subfield>
  </datafield>
  <datafield tag="505" ind1=" " ind2=" ">
    <subfield code="a">J
</subfield>
  </datafield>
  <datafield tag="520" ind1=" " ind2=" ">
    <subfield code="a">&#x1780;&#x17D2;&#x1798;&#x17C1;&#x1784;&#x179F;&#x17D2;&#x179A;&#x17B8;&#x1791;&#x17C1;&#x179F;&#x1785;&#x179A;&#x178E;&#x17CD;&#x1798;&#x17D2;&#x1793;&#x17B6;&#x1780;&#x17CB;&#x1798;&#x1780;&#x179B;&#x17C1;&#x1784;&#x17A2;&#x17B6;&#x1796;&#x17D2;&#x179A;&#x17B7;&#x1785; &#x17A0;&#x17BE;&#x1799;&#x1797;&#x17D2;&#x179B;&#x17C1;&#x1785;&#x179F;&#x178F;&#x17D2;&#x179C;&#x1798;&#x17BD;&#x1799;&#x17D4; &#x1793;&#x17C5;&#x179B;&#x17BE;&#x179C;&#x17B6;&#x179B;&#x179F;&#x17D2;&#x1798;&#x17C4;&#x1784; &#x179F;&#x178F;&#x17D2;&#x179C;&#x178F;&#x17BC;&#x1785;&#x1793;&#x17C4;&#x17C7;&#x1785;&#x1798;&#x17D2;&#x179B;&#x17C2;&#x1780;&#x178E;&#x17B6;&#x179F;&#x17CB;&#x17D4; </subfield>
  </datafield>
  <datafield tag="520" ind1=" " ind2=" ">
    <subfield code="a">A tourist girl visits Africa and forgets about an animal. On the grass, the little beast is very strange.</subfield>
  </datafield>
  <datafield tag="521" ind1="8" ind2=" ">
    <subfield code="a">500
</subfield>
    <subfield code="b">Lexile estimate 
</subfield>
  </datafield>
  <datafield tag="521" ind1="8" ind2=" ">
    <subfield code="a">J
</subfield>
    <subfield code="b">Raz-Plus 
</subfield>
  </datafield>
  <datafield tag="650" ind1=" " ind2=" ">
    <subfield code="a">&#x1791;&#x17C1;&#x179F;&#x1785;&#x179A;&#x178E;&#x17CD; </subfield>
    <subfield code="v">&#x1794;&#x17B6;&#x178F;&#x17CB;&#x1794;&#x1784;&#x17CB; </subfield>
    <subfield code="x">&#x17A2;&#x17B6;&#x1796;&#x17D2;&#x179A;&#x17B7;&#x1785; </subfield>
  </datafield>
  <datafield tag="650" ind1=" " ind2=" ">
    <subfield code="a">Tourist </subfield>
    <subfield code="v">Losing </subfield>
    <subfield code="x">Africa </subfield>
  </datafield>
  <datafield tag="700" ind1=" " ind2=" ">
    <subfield code="a">Ichikawa, Satomi </subfield>
    <subfield code="e">illustrator </subfield>
  </datafield>
  <datafield tag="942" ind1=" " ind2=" ">
    <subfield code="2">ddc</subfield>
    <subfield code="c">KHB</subfield>
    <subfield code="n">0</subfield>
  </datafield>
  <datafield tag="999" ind1=" " ind2=" ">
    <subfield code="c">1641</subfield>
    <subfield code="d">1641</subfield>
  </datafield>
  <datafield tag="952" ind1=" " ind2=" ">
    <subfield code="0">0</subfield>
    <subfield code="1">0</subfield>
    <subfield code="2">ddc</subfield>
    <subfield code="4">0</subfield>
    <subfield code="7">0</subfield>
    <subfield code="8">KH</subfield>
    <subfield code="a">001</subfield>
    <subfield code="b">001</subfield>
    <subfield code="c">KHRS</subfield>
    <subfield code="d">2023-09-12</subfield>
    <subfield code="l">2</subfield>
    <subfield code="o">ICH 277.3</subfield>
    <subfield code="p">2023-0591</subfield>
    <subfield code="r">2025-08-29 14:40:34</subfield>
    <subfield code="s">2025-08-07</subfield>
    <subfield code="t">1</subfield>
    <subfield code="w">2023-09-12</subfield>
    <subfield code="y">KHB</subfield>
  </datafield>
  <datafield tag="952" ind1=" " ind2=" ">
    <subfield code="0">0</subfield>
    <subfield code="1">0</subfield>
    <subfield code="2">ddc</subfield>
    <subfield code="4">0</subfield>
    <subfield code="7">0</subfield>
    <subfield code="8">KH</subfield>
    <subfield code="a">001</subfield>
    <subfield code="b">001</subfield>
    <subfield code="c">KHRS</subfield>
    <subfield code="d">2023-09-12</subfield>
    <subfield code="l">1</subfield>
    <subfield code="o">ICH 277.3</subfield>
    <subfield code="p">2023-0592</subfield>
    <subfield code="r">2025-06-09 14:17:59</subfield>
    <subfield code="s">2024-12-03</subfield>
    <subfield code="t">2</subfield>
    <subfield code="w">2023-09-12</subfield>
    <subfield code="y">KHB</subfield>
  </datafield>
</record>
